| 000 | 00742nam a22002177a 4500 | ||
|---|---|---|---|
| 999 |
_c13544 _d13544 |
||
| 003 | AR-CdUCM | ||
| 008 | 190314b ||||| |||| 00| 0 spa d | ||
| 040 |
_aMUNICIPALIDAD PROVINCIAL DEL CUSCO _cBIBLIOTECA MUNICIPAL DEL CUSCO |
||
| 082 |
_aC / 869.501 / _bU42 |
||
| 110 |
_aUniversidad Nacional de San Antonio Abad del Cusco _915942 |
||
| 245 | _aCuadernos de Arte y Literatura / | ||
| 260 |
_aCuzco : _bUniversidad Nacional de San Anotiono Abad del Cusco, _c1967. |
||
| 300 |
_a20 paginas ; _c22cm. |
||
| 440 |
_aUniversidad Nacional de San Antonio Abad del Cusco _n2 _917933 |
||
| 650 |
_aArte _9561 |
||
| 650 |
_aCultura _9126 |
||
| 650 |
_aLiteratura _983 |
||
| 650 |
_aCuzco _97693 |
||
| 942 |
_2ddc _cLIBROS |
||
| 945 |
_awfj _d2019-04-15 |
||